Nový legislatívny rámec EÚ podnikania v cestovnom ruchu
Ciele novej právnej úpravy ochrany osôb, ktoré sa zúčastňujú na využívaní produktov cestovného ruchu. Vývoj v cestovnom ruchu, posilnenie transparentnosti a prispôsobenie rozsahu ochrany spotrebiteľov na úroveň členských štátov EÚ. Transpozícia PTD (Package Travel Directive).
Salvato in:
| Autore principale: | |
|---|---|
| Natura: | Capitolo di libro |
| Lingua: | slovacco |
| Soggetti: | |
| Tags: |
Nessun Tag, puoi essere il primo ad aggiungerne!!
|
MARC
| LEADER | 00000naa a2200000 4500 | ||
|---|---|---|---|
| 001 | 0216006 | ||
| 005 | 20221019174357.0 | ||
| 041 | 0 | |a slo | |
| 044 | |a SK | ||
| 245 | 1 | 0 | |a Nový legislatívny rámec EÚ podnikania v cestovnom ruchu |c Adriana Bandzi |
| 520 | |a Ciele novej právnej úpravy ochrany osôb, ktoré sa zúčastňujú na využívaní produktov cestovného ruchu. Vývoj v cestovnom ruchu, posilnenie transparentnosti a prispôsobenie rozsahu ochrany spotrebiteľov na úroveň členských štátov EÚ. Transpozícia PTD (Package Travel Directive). | ||
| 610 | 2 | 0 | |a poisťovníctvo |
| 610 | 2 | 0 | |a poistenie |
| 610 | 2 | 0 | |a zmluvy poistné |
| 610 | 2 | 0 | |a ochrana poistná |
| 610 | 2 | 0 | |a poisťovne komerčné |
| 610 | 2 | 0 | |a ochrana spotrebiteľa |
| 610 | 2 | 0 | |a ruch cestovný |
| 610 | 2 | 0 | |a smernice |
| 610 | 2 | 0 | |a Európska únia |
| 100 | 1 | |a Bandzi, Adriana | |